000 00243nam a22001217a 4500
008 180215b xxu||||| |||| 00| 0 eng d
041 _aeng
080 _a61
100 _a3
101 _ashm
245 _amedicine
_cjane.g
942 _2udc
_cBK
999 _c42641
_d42641